Vývoj obyvateľstva v SR vo svetle štatistických údajov. 1

Retrospektívny pohľad na vývoj základných demografických procesov v rokoch 1980-1989. V porovnaní s r.1994 sa narodilo menej detí, bolo menej potratov, uzatvorilo sa menej sobášov a bolo viac rozvodov. Pokračovanie znižovania prírastku obyvateľstva. Za r. 1995 sa zvýšil počet obyvateľov Slovenska o...

Full description

Saved in:
Bibliographic Details
Format: Book Chapter
Language:Slovak
Subjects:
Tags: Add Tag
No Tags, Be the first to tag this record!

MARC

LEADER 00000naa a2200000 4500
001 r021723
005 20230801105418.6
041 0 |a slo 
044 |a SK 
245 1 0 |a Vývoj obyvateľstva v SR vo svetle štatistických údajov. 1 
520 |a Retrospektívny pohľad na vývoj základných demografických procesov v rokoch 1980-1989. V porovnaní s r.1994 sa narodilo menej detí, bolo menej potratov, uzatvorilo sa menej sobášov a bolo viac rozvodov. Pokračovanie znižovania prírastku obyvateľstva. Za r. 1995 sa zvýšil počet obyvateľov Slovenska o 11,6 tisíc. Vývoj základných demografických charakteristík. 
610 2 0 |a demografia 
610 2 0 |a vývoj populačný 
610 2 0 |a obyvateľstvo 
610 2 0 |a Slovensko 
610 2 0 |a údaje štatistické 
610 2 0 |a 1980-1989